Preguntas frecuentes en torno al estudio del género y economía /
Uloženo v:
| Hlavní autor: | |
|---|---|
| Médium: | Text |
| Témata: | |
| Tagy: |
Přidat tag
Žádné tagy, Buďte první, kdo vytvoří štítek k tomuto záznamu!
|
MARC
| LEADER | 00000 a a2200000 04500 | ||
|---|---|---|---|
| 001 | 5346 | ||
| 003 | |||
| 040 | |||
| 100 | |a Cooper, Jennifer Ann | ||
| 245 | |a Preguntas frecuentes en torno al estudio del género y economía / |c Jennifer Ann Cooper | ||
| 650 | |a ECONOMIA | ||
| 650 | |a FEMENISMO | ||
| 650 | |a GENERO | ||
| 650 | |a TEORIA | ||
| 773 | |g número 324; páginas 5-11 | ||
| 999 | |c 24715 |d 24715 | ||
